Sbírka příkladů a případových studií z managementu /

Hlavní autor: Srpová, Jitka, 1957-
Korporativní autor: Vysoká škola ekonomická v Praze. Podnikohospodářská fakulta
Jazyk: Čeština
Vydáno: Praha : Oeconomica, 2002
Vydání: Vyd. 1.
Témata:
Fyzický popis: 152 s. ; 29 cm
Knihy
Uloženo v:
LEADER 01502nam a2200385 a 4500
001 000632473
003 CZ BrMZK
005 20091016082515.0
007 ta
008 021023s2002 xr e p cze d
015 |a cnb001190205 
020 |a 80-245-0339-5 
035 |a (OCoLC)53273952 
040 |a BOA001  |b cze 
072 7 |a 658  |x Řízení a správa podniku  |2 Konspekt  |9 4 
072 7 |a 37.016  |x Učební osnovy. Vyučovací předměty. Učebnice  |2 Konspekt  |9 22 
080 |a 658  |2 MRF 
080 |a (075.8)  |2 MRF 
080 |a (078.7)  |2 MRF 
100 1 |a Srpová, Jitka,  |d 1957-  |7 ola2003201012  |4 aut 
245 1 0 |a Sbírka příkladů a případových studií z managementu /  |c Jitka Srpová a kolektiv 
250 |a Vyd. 1. 
260 |a Praha :  |b Oeconomica,  |c 2002 
300 |a 152 s. ;  |c 29 cm 
500 |a Vydavatel: Vysoká škola ekonomická v Praze 
504 |a Obsahuje bibliografie 
521 |a Určeno pro inženýrské studium na VŠE Praha 
650 0 7 |a podnikový management  |7 ph115763  |x úlohy  |2 czenas 
655 7 |a učebnice vysokých škol  |7 fd133772  |2 czenas 
655 7 |a případové studie  |7 fd133208  |2 czenas 
710 2 |a Vysoká škola ekonomická v Praze.  |b Podnikohospodářská fakulta  |7 kn20010709402 
910 |a BOA001  |b 3-1109.229 
990 |a BK 
996 6 |b 2610173363  |c 3-1109.229  |l MZK  |r Sklad / do 1 hodiny  |n 0  |p p.v.  |w 000632473  |u 000010  |a 1  |e BOA001  |j MZK50  |s P 
996 7 |b 2610176940  |c 3-1109.229  |l MZK  |r Sklad / do 1 hodiny  |n 16  |p kup  |w 000632473  |u 000020  |a 1  |e BOA001  |j MZK50  |s A